-
COBERT, BARTON ., GREGORY , WILIAM W AND THOMAS , JEAN-LOUP
Entry Personal Name
Number of records used in: 1
001 - CONTROL NUMBER
003 - CONTROL NUMBER IDENTIFIER
005 - DATE AND TIME OF LATEST TRANSACTION
- control field:
20230509124108.0
008 - FIXED-LENGTH DATA ELEMENTS
- fixed length control field:
230509|| aca||aabn | a|a d
040 ## - CATALOGING SOURCE
- Original cataloging agency:
JRU
- Transcribing agency:
JRU
100 ## - HEADING--PERSONAL NAME
- Personal name:
COBERT, BARTON ., GREGORY , WILIAM W AND THOMAS , JEAN-LOUP
670 ## - SOURCE DATA FOUND
- Source citation:
Work cat.: (JRU)8304: COBERT, BARTON ., GREGORY , WILIAM W AND THOMAS , JEAN-LOUP, COBERT'S MANUAL OF SAFETY AND PHARMACOVIGILANCE